Für eine Liberalisierung des deutschen Versicherungsmarktes

Saved in:
Bibliographic Details
Main Author: Kanthack, Eckhard
Format: Book
Language:German
Published: Kiel Institut für Weltwirtschaft 1987
Series:Discussion Papers 132
Tags: Add Tag
No Tags, Be the first to tag this record!

MARC

LEADER 00000nam a2200000 4500
001 c111140
005 20181203150319.3
041 0 |a ger 
044 |a DE 
245 1 0 |a Für eine Liberalisierung des deutschen Versicherungsmarktes  |c Eckhard Kanthack 
264 1 |a Kiel  |b Institut für Weltwirtschaft  |c 1987 
300 |a 40 s. 
490 1 |a Discussion Papers  |v 132 
830 0 |a Discussion Papers  |v 132 
100 1 |a Kanthack, Eckhard